[Event "Blitz Women"]
[Site "?"]
[Date "2018.08.03"]
[Round "4.3"]
[White "Guo, Qi"]
[Black "Zahedifar, Anahita"]
[Result "0-1"]
[BlackElo "2067"]
[WhiteElo "2362"]
[LiveChessVersion "1.4.8"]

1. d4 {[%clk 0:03:01]} d5 {[%clk 0:03:04]} 2. c4 {[%clk 0:03:02]} c6
{[%clk 0:03:05]} 3. Nf3 {[%clk 0:03:02]} Nf6 {[%clk 0:03:06]} 4. e3
{[%clk 0:03:02]} Bg4 {[%clk 0:03:07]} 5. h3 {[%clk 0:03:01]} Bxf3
{[%clk 0:03:08]} 6. Qxf3 {[%clk 0:03:01]} e6 {[%clk 0:03:09]} 7. Bd3
{[%clk 0:03:01]} Nbd7 {[%clk 0:03:10]} 8. O-O {[%clk 0:03:01]} Bd6
{[%clk 0:03:10]} 9. Nc3 {[%clk 0:03:01]} O-O {[%clk 0:03:11]} 10. Qe2
{[%clk 0:02:52]} e5 {[%clk 0:03:04]} 11. cxd5 {[%clk 0:02:38]} cxd5
{[%clk 0:03:05]} 12. dxe5 {[%clk 0:02:37]} Nxe5 {[%clk 0:03:06]} 13. Rd1
{[%clk 0:02:34]} Qe7 {[%clk 0:02:56]} 14. Bc2 {[%clk 0:02:28]} Rac8
{[%clk 0:02:38]} 15. Bb3 {[%clk 0:02:20]} Nc4 {[%clk 0:02:35]} 16. Nxd5
{[%clk 0:02:13]} Nxd5 {[%clk 0:02:36]} 17. Rxd5 {[%clk 0:01:52]} Nb6
{[%clk 0:02:35]} 18. Rd1 {[%clk 0:01:52]} Qe5 19. g3 {[%clk 0:01:43]} a5
{[%clk 0:02:21]} 20. Rb1 {[%clk 0:01:30]} Bb4 {[%clk 0:02:09]} 21. Bd2
{[%clk 0:01:29]} Qf5 {[%clk 0:02:04]} 22. a3 {[%clk 0:01:29]} Bxd2
{[%clk 0:02:04]} 23. Qxd2 {[%clk 0:01:29]} Qxh3 {[%clk 0:02:04]} 24. Qxa5
{[%clk 0:01:27]} Rc6 {[%clk 0:02:04]} 25. Bd5 {[%clk 0:01:14]} Rh6
{[%clk 0:01:55]} 26. Bg2 {[%clk 0:01:03]} Qh2+ {[%clk 0:01:55]} 27. Kf1
{[%clk 0:01:03]} Rf6 {[%clk 0:01:51]} 28. Qg5 {[%clk 0:01:03]} Nc4
{[%clk 0:01:30]} 29. b3 {[%clk 0:01:04]} h6 {[%clk 0:01:31]} 30. Qxf6
{[%clk 0:00:49]} Nxe3+ {[%clk 0:01:26]} 31. fxe3 {[%clk 0:00:49]} gxf6
{[%clk 0:01:27]} 32. Kf2 {[%clk 0:00:48]} Qh5 {[%clk 0:01:27]} 33. Rbc1
{[%clk 0:00:46]} Qf5+ {[%clk 0:01:26]} 34. Kg1 {[%clk 0:00:47]} Qe5
{[%clk 0:01:26]} 35. Kf2 {[%clk 0:00:46]} Qb2+ {[%clk 0:01:27]} 36. Kf3
{[%clk 0:00:39]} Qxb3 {[%clk 0:01:28]} 37. Rd4 {[%clk 0:00:37]} f5
{[%clk 0:01:24]} 38. Rcd1 {[%clk 0:00:36]} Re8 {[%clk 0:01:23]} 39. R1d3
{[%clk 0:00:37]} Qe6 {[%clk 0:01:16]} 40. Kf2 {[%clk 0:00:36]} Rc8
{[%clk 0:01:07]} 41. Bxb7 {[%clk 0:00:32]} Rc2+ {[%clk 0:01:02]} 42. Kf3
{[%clk 0:00:32]} Qb6 {[%clk 0:00:55]} 43. Bd5 {[%clk 0:00:28]} Qb1
{[%clk 0:00:55]} 44. Kf4 {[%clk 0:00:29]} Qf1+ {[%clk 0:00:52]} 45. Ke5
{[%clk 0:00:29]} Kg7 {[%clk 0:00:49]} 0-1

[Event "Blitz Women"]
[Site "?"]
[Date "2018.08.03"]
[Round "4.4"]
[White "Hamedi Nia, Vesal"]
[Black "Zhai, Mo"]
[Result "0-1"]
[BlackElo "2325"]
[WhiteElo "1989"]
[LiveChessVersion "1.4.8"]

1. d4 {[%clk 0:03:03]} d5 {[%clk 0:03:03]} 2. c4 {[%clk 0:03:04]} dxc4
{[%clk 0:03:04]} 3. Nc3 {[%clk 0:03:05]} a6 {[%clk 0:03:00]} 4. a4
{[%clk 0:03:05]} Nc6 {[%clk 0:02:50]} 5. e3 {[%clk 0:03:06]} Na5 {[%clk 0:02:49]}
6. Qc2 {[%clk 0:02:51]} Nf6 {[%clk 0:02:48]} 7. Nf3 {[%clk 0:02:51]} g6
{[%clk 0:02:45]} 8. Ne5 {[%clk 0:02:52]} Bf5 {[%clk 0:02:45]} 9. e4
{[%clk 0:02:47]} Nxe4 {[%clk 0:02:38]} 10. Nxe4 {[%clk 0:01:59]} Qxd4
{[%clk 0:02:39]} 11. Nxc4 {[%clk 0:01:29]} Bxe4 {[%clk 0:02:31]} 12. Qd2
{[%clk 0:01:05]} Nb3 {[%clk 0:02:18]} 13. Qxd4 {[%clk 0:01:03]} Nxd4
{[%clk 0:02:19]} 14. Ra2 {[%clk 0:00:07]} Bb1 {[%clk 0:02:17]} 15. Ra3
{[%clk 0:00:06]} Nc2+ 16. Kd2 Nxa3 {[%clk 0:02:15]} 17. Nxa3 {[%clk 0:00:09]}
Bh6+ {[%clk 0:02:13]} 18. Kc3 {[%clk 0:00:06]} Bxc1 {[%clk 0:02:10]} 19. Nxb1
{[%clk 0:00:07]} Bg5 {[%clk 0:02:05]} 20. Bc4 {[%clk 0:00:07]} e6
{[%clk 0:02:01]} 21. g3 {[%clk 0:00:08]} O-O-O {[%clk 0:01:58]} 22. f4
{[%clk 0:00:08]} Bf6+ {[%clk 0:01:59]} 23. Kb3 {[%clk 0:00:09]} Rd6
{[%clk 0:01:56]} 24. a5 {[%clk 0:00:06]} Rhd8 {[%clk 0:01:55]} 25. Na3
{[%clk 0:00:04]} Rd1 {[%clk 0:01:54]} 26. Rxd1 {[%clk 0:00:05]} Rxd1
{[%clk 0:01:55]} 27. Kc2 {[%clk 0:00:05]} Rh1 {[%clk 0:01:55]} 28. h4
{[%clk 0:00:05]} Rh2+ {[%clk 0:01:55]} 29. Kd3 {[%clk 0:00:05]} Rh3
{[%clk 0:01:56]} 30. Nc2 {[%clk 0:00:05]} Rxg3+ {[%clk 0:01:57]} 31. Ke4
{[%clk 0:00:06]} Bxh4 {[%clk 0:01:56]} 32. b4 {[%clk 0:00:05]} Be7
{[%clk 0:01:45]} 33. b5 {[%clk 0:00:06]} axb5 {[%clk 0:01:45]} 34. Bxb5
{[%clk 0:00:07]} h5 {[%clk 0:01:45]} 35. a6 {[%clk 0:00:08]} bxa6
{[%clk 0:01:45]} 36. Bxa6+ {[%clk 0:00:09]} Kd7 {[%clk 0:01:35]} 37. Nd4
{[%clk 0:00:08]} f5+ {[%clk 0:01:31]} 38. Ke5 {[%clk 0:00:08]} Re3#
{[%clk 0:01:31]} 0-1

[Event "Blitz Women"]
[Site "?"]
[Date "2018.08.03"]
[Round "4.5"]
[White "Yaghy, Ritta."]
[Black "Tokhirjonova, Gulrukhbegim"]
[Result "0-1"]
[BlackElo "2198"]
[WhiteElo "1773"]
[LiveChessVersion "1.4.8"]

1. e4 {[%clk 0:03:02]} e5 {[%clk 0:03:04]} 2. Nf3 Nc6 3. Bc4 {[%clk 0:03:04]} Bc5
{[%clk 0:03:06]} 4. b4 {[%clk 0:02:59]} Bxb4 {[%clk 0:03:07]} 5. c3
{[%clk 0:03:00]} Ba5 {[%clk 0:03:09]} 6. O-O {[%clk 0:03:01]} Bb6
{[%clk 0:03:10]} 7. d4 {[%clk 0:03:01]} d6 {[%clk 0:03:11]} 8. Qb3
{[%clk 0:02:53]} Qf6 {[%clk 0:03:05]} 9. Bg5 {[%clk 0:02:50]} Qg6
{[%clk 0:03:06]} 10. dxe5 {[%clk 0:02:36]} Nxe5 {[%clk 0:02:55]} 11. Nxe5
{[%clk 0:02:33]} dxe5 {[%clk 0:02:57]} 12. Qb5+ {[%clk 0:02:30]} c6
{[%clk 0:02:25]} 13. Qxe5+ {[%clk 0:02:30]} Be6 {[%clk 0:02:26]} 14. Bxe6
{[%clk 0:02:19]} fxe6 {[%clk 0:02:28]} 15. Nd2 {[%clk 0:02:13]} h6
{[%clk 0:02:28]} 16. Bf4 {[%clk 0:01:59]} Qf6 {[%clk 0:02:25]} 17. Nc4
{[%clk 0:01:57]} Qxe5 {[%clk 0:02:08]} 18. Bxe5 {[%clk 0:01:58]} Nf6
{[%clk 0:02:09]} 19. Nd6+ {[%clk 0:01:59]} Ke7 {[%clk 0:02:10]} 20. Nxb7
{[%clk 0:01:51]} Nxe4 {[%clk 0:02:05]} 21. Rae1 {[%clk 0:01:36]} Nd2
{[%clk 0:02:04]} 22. Rd1 {[%clk 0:01:28]} Nxf1 {[%clk 0:02:04]} 23. Bxg7
{[%clk 0:01:14]} Rhb8 {[%clk 0:01:42]} 24. Nd6 {[%clk 0:00:53]} Rd8
{[%clk 0:01:43]} 25. Be5 {[%clk 0:00:48]} Bc5 {[%clk 0:01:44]} 26. Rxf1
{[%clk 0:00:45]} Bxd6 {[%clk 0:01:45]} 27. Bd4 {[%clk 0:00:45]} c5
{[%clk 0:01:43]} 28. Be3 {[%clk 0:00:46]} Rab8 {[%clk 0:01:33]} 29. Bxh6
{[%clk 0:00:45]} Bxh2+ {[%clk 0:01:30]} 30. Kxh2 {[%clk 0:00:44]} Rh8
{[%clk 0:01:32]} 31. Kg3 {[%clk 0:00:45]} Rxh6 {[%clk 0:01:33]} 32. Rd1
{[%clk 0:00:46]} Rb2 {[%clk 0:01:32]} 33. a4 {[%clk 0:00:42]} Rg6+
{[%clk 0:01:33]} 34. Kh3 {[%clk 0:00:41]} Rxf2 {[%clk 0:01:33]} 0-1

[Event "Blitz Women"]
[Site "?"]
[Date "2018.08.03"]
[Round "4.6"]
[White "Kurbonboeva, Sarvinoz"]
[Black "Yazji, Mada"]
[Result "1-0"]
[BlackElo "1723"]
[WhiteElo "2201"]
[LiveChessVersion "1.4.8"]

1. d4 {[%clk 0:03:04]} d5 {[%clk 0:03:04]} 2. c4 {[%clk 0:03:05]} e6
{[%clk 0:03:05]} 3. Nc3 {[%clk 0:03:05]} c6 {[%clk 0:03:06]} 4. cxd5
{[%clk 0:03:03]} exd5 {[%clk 0:03:07]} 5. Qc2 {[%clk 0:02:52]} Nf6
{[%clk 0:03:05]} 6. Bg5 {[%clk 0:02:50]} Be7 {[%clk 0:03:04]} 7. e3
{[%clk 0:02:51]} h6 {[%clk 0:02:58]} 8. Bh4 {[%clk 0:02:50]} O-O {[%clk 0:02:48]}
9. Bd3 {[%clk 0:02:52]} Re8 {[%clk 0:02:33]} 10. Nge2 {[%clk 0:02:53]} Bg4
{[%clk 0:02:34]} 11. f3 {[%clk 0:02:51]} Bc8 {[%clk 0:02:24]} 12. O-O
{[%clk 0:02:49]} Bb4 {[%clk 0:02:21]} 13. Bf2 {[%clk 0:02:49]} Bd6
{[%clk 0:02:12]} 14. Rad1 {[%clk 0:02:37]} Nbd7 15. Kh1 {[%clk 0:02:34]} a6
{[%clk 0:02:11]} 16. Bg1 {[%clk 0:02:18]} Qc7 {[%clk 0:02:06]} 17. e4
{[%clk 0:02:09]} dxe4 {[%clk 0:02:06]} 18. fxe4 {[%clk 0:02:11]} Bf8
{[%clk 0:01:53]} 19. e5 {[%clk 0:02:09]} Ng4 20. Bc4 {[%clk 0:01:34]} Re7
{[%clk 0:01:17]} 21. Ne4 {[%clk 0:00:53]} Nb6 {[%clk 0:01:09]} 22. Bb3
{[%clk 0:00:48]} h5 {[%clk 0:00:54]} 23. Nd6 {[%clk 0:00:47]} Nd5
{[%clk 0:00:48]} 24. Rf3 {[%clk 0:00:38]} Be6 {[%clk 0:00:42]} 25. Rdf1
{[%clk 0:00:36]} Rd7 {[%clk 0:00:36]} 26. Ne4 {[%clk 0:00:31]} g6
{[%clk 0:00:17]} 27. h3 {[%clk 0:00:19]} Nh6 28. Bxd5 {[%clk 0:00:17]} Bxd5
{[%clk 0:00:18]} 29. Nf6+ {[%clk 0:00:18]} Kg7 {[%clk 0:00:17]} 30. Rg3
{[%clk 0:00:18]} Re7 {[%clk 0:00:16]} 31. Nxh5+ {[%clk 0:00:19]} Kh7
{[%clk 0:00:17]} 32. Nf6+ {[%clk 0:00:19]} Kg7 {[%clk 0:00:18]} 33. Be3
{[%clk 0:00:17]} Nf5 {[%clk 0:00:18]} 34. Qxf5 {[%clk 0:00:16]} c5
{[%clk 0:00:12]} 35. Nxd5 {[%clk 0:00:16]} Qd8 {[%clk 0:00:07]} 36. Nxe7
{[%clk 0:00:15]} Qxe7 {[%clk 0:00:07]} 37. Qf6+ {[%clk 0:00:14]} Qxf6
{[%clk 0:00:08]} 38. exf6+ {[%clk 0:00:15]} Kh7 {[%clk 0:03:02]} 39. Rf4
{[%clk 0:00:14]} 1-0

[Event "Blitz Women"]
[Site "?"]
[Date "2018.08.03"]
[Round "4.7"]
[White "Mahmoud, Roula"]
[Black "Gevorgyan, Irina"]
[Result "0-1"]
[BlackElo "2275"]
[WhiteElo "1642"]
[LiveChessVersion "1.4.8"]

1. e4 {[%clk 0:03:03]} c5 {[%clk 0:03:03]} 2. Nf3 {[%clk 0:03:04]} e6
{[%clk 0:03:04]} 3. d3 {[%clk 0:03:05]} Nc6 {[%clk 0:03:04]} 4. Nbd2
{[%clk 0:03:06]} d5 {[%clk 0:03:06]} 5. g3 {[%clk 0:03:06]} Nf6 {[%clk 0:03:06]}
6. Bg2 {[%clk 0:03:08]} dxe4 {[%clk 0:03:06]} 7. dxe4 {[%clk 0:03:08]} Qc7
{[%clk 0:03:06]} 8. O-O {[%clk 0:03:06]} Be7 {[%clk 0:03:07]} 9. Re1
{[%clk 0:03:03]} O-O {[%clk 0:03:03]} 10. c3 {[%clk 0:03:02]} b6 {[%clk 0:03:03]}
11. Qc2 {[%clk 0:02:57]} Ba6 {[%clk 0:03:03]} 12. Nf1 {[%clk 0:02:56]} Rad8
{[%clk 0:03:02]} 13. e5 {[%clk 0:02:49]} Nd7 {[%clk 0:02:56]} 14. Bg5
{[%clk 0:02:46]} h6 {[%clk 0:02:53]} 15. Bxe7 Nxe7 {[%clk 0:02:54]} 16. Nh4
{[%clk 0:02:33]} Nxe5 {[%clk 0:02:52]} 17. f4 {[%clk 0:02:28]} N5c6
{[%clk 0:02:41]} 18. Rad1 {[%clk 0:02:25]} Rxd1 {[%clk 0:02:40]} 19. Rxd1
{[%clk 0:02:26]} Rd8 {[%clk 0:02:41]} 20. Ne3 {[%clk 0:02:16]} Bb7
{[%clk 0:02:26]} 21. Rxd8+ {[%clk 0:02:02]} Nxd8 {[%clk 0:02:26]} 22. Qd2
{[%clk 0:01:58]} Bxg2 {[%clk 0:02:24]} 23. Nhxg2 {[%clk 0:01:58]} Ndc6
{[%clk 0:02:20]} 24. Ng4 {[%clk 0:01:58]} Qd8 {[%clk 0:02:16]} 25. Qxd8+
{[%clk 0:01:57]} Nxd8 {[%clk 0:02:17]} 26. N2e3 {[%clk 0:01:57]} Ndc6
{[%clk 0:02:15]} 27. Nc4 {[%clk 0:01:58]} Nf5 {[%clk 0:02:10]} 28. Nge5
{[%clk 0:01:55]} Nxe5 29. Nxe5 {[%clk 0:01:55]} Nd6 {[%clk 0:01:55]} 30. Nc6
{[%clk 0:01:53]} Nc8 {[%clk 0:01:55]} 31. Kf2 {[%clk 0:01:54]} Kf8
{[%clk 0:01:56]} 32. Ke3 {[%clk 0:01:55]} Ke8 {[%clk 0:01:57]} 33. Ke4
{[%clk 0:01:55]} f6 {[%clk 0:01:55]} 34. f5 {[%clk 0:01:52]} Kd7 {[%clk 0:01:56]}
35. Nb8+ {[%clk 0:01:41]} Kc7 {[%clk 0:01:33]} 36. Na6+ {[%clk 0:01:33]} Kd6
{[%clk 0:01:34]} 37. b4 {[%clk 0:01:30]} exf5+ {[%clk 0:01:30]} 38. Kxf5
{[%clk 0:01:28]} Ne7+ {[%clk 0:01:32]} 39. Ke4 {[%clk 0:01:26]} Kc6
{[%clk 0:01:27]} 40. bxc5 {[%clk 0:01:25]} bxc5 {[%clk 0:01:27]} 41. Nb8+
{[%clk 0:01:24]} Kc7 {[%clk 0:01:27]} 42. Na6+ {[%clk 0:01:24]} Kb6
{[%clk 0:01:27]} 43. Nb8 {[%clk 0:01:25]} Kb7 {[%clk 0:01:15]} 44. Nd7
{[%clk 0:01:25]} Kc6 {[%clk 0:01:15]} 45. Nf8 {[%clk 0:01:23]} Kd6
{[%clk 0:01:15]} 46. c4 {[%clk 0:01:18]} f5+ {[%clk 0:01:15]} 47. Kf4
{[%clk 0:01:18]} g5+ {[%clk 0:01:16]} 48. Ke3 {[%clk 0:01:19]} Nc6
{[%clk 0:01:00]} 49. Ng6 {[%clk 0:01:09]} Ne5 {[%clk 0:01:01]} 50. Nf8
{[%clk 0:01:04]} Nxc4+ {[%clk 0:01:02]} 51. Kd3 {[%clk 0:01:06]} Ne5+
{[%clk 0:01:02]} 52. Kc3 {[%clk 0:01:07]} f4 {[%clk 0:01:01]} 53. Nh7
{[%clk 0:01:03]} Ke7 {[%clk 0:00:56]} 54. a4 {[%clk 0:00:50]} f3 {[%clk 0:00:56]}
55. Kd2 {[%clk 0:00:50]} c4 {[%clk 0:00:57]} 56. h4 {[%clk 0:00:48]} gxh4
{[%clk 0:00:57]} 57. gxh4 {[%clk 0:00:49]} f2 {[%clk 0:00:58]} 58. Ke2
{[%clk 0:00:49]} c3 {[%clk 0:00:59]} 59. Kxf2 {[%clk 0:00:50]} c2
{[%clk 0:01:01]} 60. Ke3 {[%clk 0:00:47]} c1=Q+ {[%clk 0:01:01]} 61. Ke4
{[%clk 0:00:48]} Qc5 {[%clk 0:01:01]} 62. Kf5 {[%clk 0:00:43]} Nd7+
{[%clk 0:01:02]} 63. Kg6 {[%clk 0:00:43]} Nf8+ {[%clk 0:01:02]} 64. Nxf8 Kxf8
{[%clk 0:01:03]} 65. Kxh6 {[%clk 0:00:43]} Kf7 {[%clk 0:01:02]} 66. h5
{[%clk 0:00:42]} a5 {[%clk 0:01:03]} 67. Kh7 {[%clk 0:00:42]} Qxh5# 0-1

[Event "Blitz Women"]
[Site "?"]
[Date "2018.08.03"]
[Round "4.8"]
[White "Baymuratova, Sevara"]
[Black "Alkaseer, Roaa"]
[Result "1-0"]
[WhiteElo "2144"]
[BlackElo "1720"]
[PlyCount "57"]
[EventDate "2018.??.??"]
[EventType "blitz"]
[WhiteClock "0:00:45"]
[BlackClock "0:00:06"]

1. d4 Nf6 2. Nf3 e6 3. c4 Bb4+ 4. Bd2 Bxd2+ 5. Qxd2 d5 6. Nc3 b6 7. cxd5 Nxd5
8. e4 Nf6 9. Bd3 Bb7 10. O-O O-O 11. Rad1 Nc6 12. Qe3 Ne7 13. h3 a6 14. Qg5 h6
15. Qg3 Kh8 16. Rfe1 b5 17. a3 Qc8 18. Ne5 c5 19. dxc5 Qxc5 20. Bb1 Bc6 21.
Nxc6 Nxc6 22. e5 Nd5 23. Ne4 Qe7 24. Nd6 Rad8 25. f4 Na5 26. f5 exf5 27. Rxd5
Nc4 28. Nxf5 Qe6 29. Qxg7# 1-0

[Event "Blitz Women"]
[Site "?"]
[Date "2018.08.03"]
[Round "5.1"]
[White "Asgharzadeh, Mitra"]
[Black "Lei, Tingjie"]
[Result "0-1"]
[BlackElo "2468"]
[WhiteElo "1873"]
[LiveChessVersion "1.4.8"]

1. Nf3 {[%clk 0:03:02]} c5 {[%clk 0:03:01]} 2. g3 {[%clk 0:03:03]} g6
{[%clk 0:03:02]} 3. Bg2 {[%clk 0:03:04]} Bg7 {[%clk 0:03:03]} 4. O-O
{[%clk 0:03:04]} Nc6 {[%clk 0:03:04]} 5. d3 {[%clk 0:03:04]} d5 {[%clk 0:02:58]}
6. Nbd2 {[%clk 0:03:05]} Nf6 {[%clk 0:02:52]} 7. e4 {[%clk 0:03:05]} e6
{[%clk 0:02:53]} 8. Re1 {[%clk 0:03:00]} O-O {[%clk 0:02:53]} 9. c3
{[%clk 0:02:59]} b6 {[%clk 0:02:54]} 10. e5 {[%clk 0:02:58]} Nd7 {[%clk 0:02:54]}
11. d4 {[%clk 0:02:59]} a5 {[%clk 0:02:52]} 12. Nf1 {[%clk 0:02:19]} b5
{[%clk 0:02:51]} 13. h4 {[%clk 0:02:11]} b4 {[%clk 0:02:26]} 14. N1h2
{[%clk 0:01:59]} a4 {[%clk 0:02:26]} 15. Ng4 {[%clk 0:01:35]} a3 {[%clk 0:02:24]}
16. cxb4 {[%clk 0:01:16]} axb2 {[%clk 0:02:19]} 17. Bxb2 {[%clk 0:01:15]} Nxb4
{[%clk 0:02:04]} 18. a3 {[%clk 0:01:02]} Nc6 {[%clk 0:02:02]} 19. dxc5
{[%clk 0:01:00]} Na5 {[%clk 0:01:59]} 20. Bc3 {[%clk 0:00:33]} Bb7
{[%clk 0:01:50]} 21. Bb4 {[%clk 0:00:31]} Bc6 {[%clk 0:01:49]} 22. Nd4
{[%clk 0:00:30]} Qc7 {[%clk 0:01:46]} 23. Bf1 {[%clk 0:00:19]} h5
{[%clk 0:01:45]} 24. Nf6+ {[%clk 0:00:16]} Nxf6 {[%clk 0:01:45]} 25. exf6 Bxf6
{[%clk 0:01:45]} 26. Rc1 {[%clk 0:00:09]} Bg7 {[%clk 0:01:37]} 27. g4
{[%clk 0:00:07]} Qf4 {[%clk 0:01:34]} 0-1

[Event "Blitz Women"]
[Site "?"]
[Date "2018.08.03"]
[Round "5.2"]
[White "Shen, Yang"]
[Black "Sebt Rasoul, Seyede Setare"]
[Result "1/2-1/2"]
[BlackElo "1706"]
[WhiteElo "2340"]
[LiveChessVersion "1.4.8"]

1. d4 {[%clk 0:03:03]} Nf6 {[%clk 0:03:03]} 2. Nf3 {[%clk 0:03:03]} g6
{[%clk 0:03:05]} 3. c4 {[%clk 0:03:04]} Bg7 {[%clk 0:03:06]} 4. Nc3
{[%clk 0:03:04]} d6 {[%clk 0:03:07]} 5. e4 {[%clk 0:03:03]} O-O {[%clk 0:03:08]}
6. Be2 {[%clk 0:03:04]} e5 {[%clk 0:03:09]} 7. Be3 {[%clk 0:03:05]} Ng4
{[%clk 0:03:08]} 8. Bg5 {[%clk 0:03:05]} f6 {[%clk 0:03:10]} 9. Bh4
{[%clk 0:03:05]} g5 {[%clk 0:03:11]} 10. Bg3 {[%clk 0:03:06]} Nh6
{[%clk 0:03:12]} 11. d5 {[%clk 0:02:42]} f5 {[%clk 0:03:00]} 12. exf5
{[%clk 0:02:43]} Nxf5 {[%clk 0:03:01]} 13. Nd2 {[%clk 0:02:41]} Nd4
{[%clk 0:02:42]} 14. Nde4 {[%clk 0:02:35]} Nxe2 {[%clk 0:02:38]} 15. Qxe2
{[%clk 0:02:35]} Bf5 {[%clk 0:02:29]} 16. O-O {[%clk 0:02:33]} Nd7
{[%clk 0:02:26]} 17. Rfd1 {[%clk 0:02:28]} h6 {[%clk 0:02:23]} 18. Rac1
{[%clk 0:02:26]} Nf6 {[%clk 0:02:23]} 19. c5 {[%clk 0:02:17]} a6 {[%clk 0:02:10]}
20. b4 {[%clk 0:01:59]} Qe7 {[%clk 0:02:07]} 21. cxd6 {[%clk 0:01:45]} cxd6
{[%clk 0:02:08]} 22. f3 {[%clk 0:01:46]} Rac8 {[%clk 0:02:03]} 23. Bf2
{[%clk 0:01:43]} Qd7 {[%clk 0:01:42]} 24. Ng3 {[%clk 0:01:40]} Bg6
{[%clk 0:01:41]} 25. Nce4 {[%clk 0:01:34]} Nxe4 {[%clk 0:01:30]} 26. Nxe4
{[%clk 0:01:28]} Kh8 {[%clk 0:01:14]} 27. h3 {[%clk 0:01:28]} Rfe8
{[%clk 0:01:00]} 28. Qd2 {[%clk 0:01:20]} Rf8 {[%clk 0:00:54]} 29. Rxc8
{[%clk 0:01:16]} Rxc8 {[%clk 0:00:55]} 30. Rc1 {[%clk 0:01:17]} Rxc1+
{[%clk 0:00:51]} 31. Qxc1 {[%clk 0:01:18]} Bxe4 {[%clk 0:00:52]} 32. fxe4
{[%clk 0:01:18]} Kh7 {[%clk 0:00:50]} 33. Qc4 {[%clk 0:01:14]} Qf7
{[%clk 0:00:41]} 34. Be3 {[%clk 0:01:12]} Qd7 {[%clk 0:00:39]} 35. Kh2
{[%clk 0:01:10]} Bf6 {[%clk 0:00:33]} 36. Bb6 {[%clk 0:01:06]} Bd8
{[%clk 0:00:30]} 37. Bxd8 {[%clk 0:01:03]} Qxd8 {[%clk 0:00:32]} 38. Qf1
{[%clk 0:01:04]} Qe7 {[%clk 0:00:28]} 39. Qf5+ {[%clk 0:01:04]} Kg7
{[%clk 0:00:29]} 40. Qc8 {[%clk 0:01:04]} Qf7 {[%clk 0:00:28]} 41. Kg1
{[%clk 0:01:05]} Qe7 {[%clk 0:00:25]} 42. a4 {[%clk 0:01:04]} Qf7
{[%clk 0:00:23]} 43. b5 {[%clk 0:01:04]} axb5 44. axb5 {[%clk 0:01:05]} b6
{[%clk 0:00:17]} 45. Qd8 {[%clk 0:01:04]} Qf4 {[%clk 0:00:15]} 46. Qe7+
{[%clk 0:00:58]} Kg8 {[%clk 0:00:15]} 47. Qe6+ {[%clk 0:00:58]} Kg7
{[%clk 0:00:16]} 48. Qd7+ {[%clk 0:00:56]} Kg8 {[%clk 0:00:17]} 49. Qd8+
{[%clk 0:00:55]} Kg7 {[%clk 0:00:18]} 50. Qc7+ {[%clk 0:00:55]} Kg8
{[%clk 0:00:19]} 51. Qxb6 {[%clk 0:00:52]} Qc1+ {[%clk 0:00:19]} 52. Kh2
{[%clk 0:00:53]} Qf4+ {[%clk 0:00:20]} 53. g3 {[%clk 0:00:54]} Qd2+
{[%clk 0:00:21]} 54. Kg1 {[%clk 0:00:52]} Qe1+ {[%clk 0:00:22]} 55. Kh2
{[%clk 0:00:52]} Qe2+ {[%clk 0:00:21]} 56. Kg1 {[%clk 0:00:53]} Qe1+
{[%clk 0:00:22]} 1/2-1/2

[Event "Blitz Women"]
[Site "?"]
[Date "2018.08.03"]
[Round "5.3"]
[White "Mahdian, Anousha"]
[Black "Wang, Jue"]
[Result "0-1"]
[BlackElo "2373"]
[WhiteElo "1773"]
[LiveChessVersion "1.4.8"]

1. d4 {[%clk 0:03:03]} Nf6 {[%clk 0:03:02]} 2. c4 {[%clk 0:03:04]} e6
{[%clk 0:03:03]} 3. Nc3 {[%clk 0:03:06]} Bb4 {[%clk 0:03:04]} 4. Qc2
{[%clk 0:03:07]} c5 {[%clk 0:03:04]} 5. dxc5 {[%clk 0:03:07]} O-O
{[%clk 0:03:04]} 6. Nf3 {[%clk 0:03:09]} Na6 {[%clk 0:03:05]} 7. a3
{[%clk 0:02:59]} Bxc3+ {[%clk 0:03:05]} 8. Qxc3 {[%clk 0:03:00]} Nxc5
{[%clk 0:03:06]} 9. b4 {[%clk 0:02:33]} Nce4 {[%clk 0:03:07]} 10. Qc2
{[%clk 0:02:34]} b6 {[%clk 0:02:53]} 11. e3 {[%clk 0:02:34]} Bb7 {[%clk 0:02:54]}
12. Bd3 {[%clk 0:02:32]} Rc8 {[%clk 0:02:55]} 13. Bb2 {[%clk 0:02:26]} d5
{[%clk 0:02:53]} 14. Qe2 {[%clk 0:01:39]} dxc4 {[%clk 0:02:07]} 15. Bxc4
{[%clk 0:01:40]} Ng4 {[%clk 0:02:08]} 16. O-O {[%clk 0:01:12]} Qc7
{[%clk 0:02:09]} 17. Rac1 {[%clk 0:00:42]} Nc3 {[%clk 0:01:39]} 18. Qd3
{[%clk 0:00:13]} Bxf3 19. g3 Qxc4 {[%clk 0:01:10]} 20. Qxc4 {[%clk 0:00:10]} Rxc4
{[%clk 0:01:11]} 21. Rxc3 {[%clk 0:00:08]} Rxc3 {[%clk 0:01:10]} 22. Bxc3
{[%clk 0:00:09]} Rc8 {[%clk 0:01:11]} 23. Bd4 {[%clk 0:00:07]} e5
{[%clk 0:01:08]} 24. Bb2 {[%clk 0:00:08]} Rc2 {[%clk 0:00:59]} 25. Rc1
{[%clk 0:00:09]} Rxc1+ 26. Bxc1 Kf8 {[%clk 0:00:53]} 27. Bb2 {[%clk 0:00:12]} f6
{[%clk 0:00:53]} 28. h3 {[%clk 0:00:13]} Nh6 {[%clk 0:00:54]} 29. g4
{[%clk 0:00:12]} Nf7 {[%clk 0:00:52]} 30. Kh2 {[%clk 0:00:13]} e4
{[%clk 0:00:46]} 31. Kg3 Ke7 {[%clk 0:00:47]} 32. Bd4 {[%clk 0:00:14]} Ke6
{[%clk 0:00:39]} 0-1

[Event "Blitz Women"]
[Site "?"]
[Date "2018.08.03"]
[Round "5.4"]
[White "Zhai, Mo"]
[Black "Alavi, Homa"]
[Result "1-0"]
[BlackElo "1812"]
[WhiteElo "2325"]
[LiveChessVersion "1.4.8"]

1. d4 {[%clk 0:03:02]} d5 {[%clk 0:03:03]} 2. c4 {[%clk 0:03:03]} e6
{[%clk 0:03:05]} 3. Nc3 {[%clk 0:03:01]} Be7 {[%clk 0:03:06]} 4. Nf3
{[%clk 0:03:00]} Nf6 {[%clk 0:03:07]} 5. cxd5 {[%clk 0:02:59]} exd5
{[%clk 0:03:08]} 6. Bg5 {[%clk 0:03:00]} c6 {[%clk 0:03:08]} 7. Qc2
{[%clk 0:03:01]} g6 {[%clk 0:03:08]} 8. e3 {[%clk 0:03:02]} Bf5 {[%clk 0:03:09]}
9. Qb3 {[%clk 0:03:02]} Qc8 {[%clk 0:03:02]} 10. Rc1 {[%clk 0:03:00]} Be6
{[%clk 0:02:55]} 11. Be2 {[%clk 0:02:28]} O-O {[%clk 0:02:51]} 12. O-O
{[%clk 0:02:29]} Nbd7 {[%clk 0:02:51]} 13. h3 {[%clk 0:02:27]} Re8
{[%clk 0:02:27]} 14. Bf4 {[%clk 0:02:26]} a6 {[%clk 0:01:58]} 15. Ng5
{[%clk 0:02:16]} Nh5 {[%clk 0:01:43]} 16. Nxe6 {[%clk 0:02:15]} fxe6
{[%clk 0:01:41]} 17. Bh2 {[%clk 0:02:16]} Ng7 {[%clk 0:01:28]} 18. e4
{[%clk 0:02:11]} Nf6 {[%clk 0:01:10]} 19. Bf3 {[%clk 0:02:09]} Qd7
{[%clk 0:00:31]} 20. Rfd1 {[%clk 0:02:10]} b5 {[%clk 0:00:23]} 21. e5
{[%clk 0:01:55]} Nfh5 {[%clk 0:00:12]} 22. g4 {[%clk 0:01:54]} Bg5
{[%clk 0:00:14]} 23. gxh5 {[%clk 0:01:54]} Bxc1 {[%clk 0:00:14]} 24. Rxc1
{[%clk 0:01:54]} gxh5 {[%clk 0:00:11]} 25. Ne2 {[%clk 0:01:56]} Kh8
{[%clk 0:00:10]} 26. Kh1 {[%clk 0:01:39]} Rf8 {[%clk 0:00:08]} 27. Bg3
{[%clk 0:01:34]} Qf7 {[%clk 0:00:07]} 28. Nf4 {[%clk 0:01:09]} h4
{[%clk 0:00:06]} 29. Bh2 {[%clk 0:01:09]} Nf5 {[%clk 0:00:05]} 30. Qd3
{[%clk 0:01:07]} Rac8 {[%clk 0:00:04]} 31. Bh5 {[%clk 0:01:04]} Qe7
{[%clk 0:00:04]} 32. Bg4 {[%clk 0:01:00]} Nh6 {[%clk 0:00:04]} 33. Bxe6
{[%clk 0:00:52]} Rxf4 {[%clk 0:00:03]} 34. Bxc8 {[%clk 0:00:50]} Rxf2
{[%clk 0:00:04]} 35. e6 {[%clk 0:00:33]} Qf6 {[%clk 0:00:04]} 36. Be5
{[%clk 0:00:33]} 1-0